Statistics for Countries with most Chinese

Click here to take the quiz!

General Stats

  • This quiz has been taken 30 times
  • The average score is 10 of 12

Answer Stats

Country% Correct
Canada
100%
China
100%
United States
100%
Indonesia
93%
Philippines
90%
Thailand
90%
Malaysia
86%
Vietnam
86%
Taiwan
83%
Singapore
79%
Myanmar
69%
Peru
34%

Score Distribution

Percentile by Number Answered

Percent of People with Each Score

Your Score History

You have not taken this quiz